| 000 | 00385cam a22001457a 4500 | ||
|---|---|---|---|
| 008 | 180718b1960 xxu||||| |||| 00| 0 eng d | ||
| 082 | _aA6x4 L669/60 | ||
| 100 | _aLIpson, E. | ||
| 245 |
_aEurope in the XIXthe and XXth centuries, 1815-1939 _cby E. Lipson |
||
| 250 | _a8th ed. | ||
| 260 |
_aLondon _bC. Black _c1960 |
||
| 300 | _a504p. | ||
| 500 | _a35/- | ||
| 650 | _aEurope - History | ||
| 999 |
_c373230 _d373230 |
||